Score 0/20 Timer 05:00
1 Play Today
% Correct
Mike Tyson
95.9%
Michael Jackson
95.4%
Oprah Winfrey
90.7%
Justin Bieber
89.6%
Bill Murray
88.4%
Hulk Hogan
87%
Bono
82.4%
Adam Sandler
81.1%
Freddie Mercury
78.7%
Betty White
74.9%
% Correct
Jon Heder as Napoleon Dynamite
72.2%
Bob Barker
63.7%
Alan Alda
61.7%
Celine Dion
60.6%
Tony Danza
52.9%
David Spade as Joe Dirt
50.4%
Frank Zappa
47.9%
Rachael Ray
35.2%
Clay Aiken
31%
Roseanne Barr
26.5%
Remove Ads.
Support Sporcle.
Get the best of Sporcle when you Go Orange. This ad-free experience offers more features, more stats, and more fun while also helping to support Sporcle. Thank you for becoming a member.

You're not logged in!

Compare scores with friends on all Sporcle quizzes.
OR
Log In

Sporcle TV

Today on Sporcle TV


Watch our educational content, quiz creation guides, and fun videos on Sporcle TV.

Show Comments

Extras

Top Quizzes Today


Score Distribution

Paid Content

Your Account Isn't Verified!

In order to create a playlist on Sporcle, you need to verify the email address you used during registration. Go to your Sporcle Settings to finish the process.

Report this User

Report this user for behavior that violates our Community Guidelines.

Details: